Forgotten scripts : their ongoing discovery and decipherment /

محفوظ في:

المؤلف الرئيسي: Gordon, Cyrus H.‪ 1908-2001 (مؤلف)

التنسيق: كتاب

اللغة: English

منشور في: New York : Basic Books, c1982.

الطبعة: Rev. and enlarged ed.

الموضوعات:

الوسوم: إضافة وسم

لا توجد وسوم, كن أول من يضع وسما على هذه التسجيلة!

رقم الطلب: P901 .G65 1982

LEADER 00816nam a22002657a 4500
003 OSt
005 20250915113859.0
008 250915s1982 nyua b 001 0 eng d
010 |a 81068822 
020 |a 046502484X 
040 |c ARCE Library 
050 1 4 |a P901   |b .G65 1982 
100 1 |a Gordon, Cyrus H.‪  |q (Cyrus Herzl),‪  |d 1908-2001,  |e author 
245 1 0 |a Forgotten scripts :  |b their ongoing discovery and decipherment /  |c Cyrus H. Gordon. 
250 |a Rev. and enlarged ed. 
264 1 |a New York :  |b Basic Books,   |c c1982. 
300 |a xxi, 226 pages :   |b ill. ;   |c 22 cm. 
500 |a Includes indexes. 
504 |a Bibliography : pages 211-214. 
650 0 |a Extinct languages. 
650 0 |a Inscriptions  |x History. 
650 0 |a Writing  |x History. 
901 |a reviewed 
942 |c BK  |2 lcc 
999 |c 22224  |d 22224